[Event "Xtracon Open 2019"]
[Site "Helsingor"]
[Date "2019.07.25"]
[Round "7.11"]
[White "Vaishali R"]
[Black "Hansen, Sune Berg"]
[Result "0-1"]
[WhiteElo "2344"]
[BlackElo "2575"]
[Annotator "TA"]
[PlyCount "82"]
[EventDate "2019.07.19"]
[EventType "swiss"]
[EventCountry "DEN"]
[SourceTitle "playchess.com"]
[Source "ChessBase"]
[SourceQuality "1"]

1. e4 c5 2. Nf3 d6 3. Bb5+ Bd7 4. Bxd7+ Nxd7 5. O-O Ngf6 6. Qe2 Qc7 7. b3 g6 8. Bb2 Bg7 9. c4 e5 10. Nc3 O-O 11. Ne1 Rae8 12. Nc2 Nh5 13. Ne3 Nf4 14. Qd1 Qd8 15. Ncd5 Ne6 16. f4 exf4 17. Bxg7 Nxg7 18. Rxf4 Nh5 19. Rf2 Rxe4 20. Qf3 Ree8 21. Nf5 Ne5 22. Qh3 Kh8 23. Raf1 f6 24. g4 gxf5 25. Qxh5 Nxg4 26. Rxf5 Re5 27. h3 Rxf5 28. Qxf5 Ne5 29. Nxf6 Rf7 30. Qe6 Re7 31. Qf5 Rf7 32. Qe6 Qf8 33. Rf5 Qh6 34. Qe8+ Rf8 35. Qe7 Ng6 36. Rh5 Nxe7 37. Rxh6 Kg7 38. Nxh7 Rg8 39. Rh5 Kg6 40. Rh4 Nf5 41. Rh5 Kxh5+ 0-1

[Event "Xtracon Open 2019"]
[Site "Helsingor"]
[Date "2019.07.25"]
[Round "7.11"]
[White "Schmidt, Kristen"]
[Black "Salerno, Christian"]
[Result "1/2-1/2"]
[WhiteElo "2225"]
[BlackElo "2047"]
[Annotator "NA"]
[PlyCount "95"]
[EventDate "2019.07.19"]
[EventType "swiss"]
[EventCountry "DEN"]
[SourceTitle "playchess.com"]
[Source "ChessBase"]
[SourceQuality "1"]

1. e4 e6 2. d4 d5 3. Nc3 Nf6 4. e5 Nfd7 5. f4 c5 6. Nf3 Nc6 7. Be3 a6 8. Qd2 b5 9. Be2 b4 10. Nd1 c4 11. O-O Be7 12. c3 a5 13. b3 Ba6 14. bxc4 Bxc4 15. Bxc4 dxc4 16. d5 exd5 17. Qxd5 Rc8 18. e6 Nf6 19. exf7+ Kf8 20. Qe6 Qd7 21. Qxc4 Ne5 22. Nxe5 Rxc4 23. Nxd7+ Nxd7 24. cxb4 Bxb4 25. Nf2 Kxf7 26. Rad1 Rc7 27. Ng4 Rhc8 28. Rf2 Nf6 29. Nxf6 Kxf6 30. g4 h6 31. f5 Rc2 32. Rd7 Bc5 33. Bxc5 R8xc5 34. Rd6+ Kf7 35. Re6 R5c4 36. h3 R4c3 37. Re5 a4 38. Re4 a3 39. h4 Rxf2 40. Kxf2 Rc2+ 41. Re2 Rb2 42. Kf3 g6 43. fxg6+ Kxg6 44. Ke3 Rb4 45. Rg2 Rb2 46. Rd2 Rb4 47. Rd6+ Kg7 48. Rd7+ 1/2-1/2

[Event "Xtracon Open 2019"]
[Site "Helsingor"]
[Date "2019.07.25"]
[Round "7.11"]
[White "Rolvag, Mikael"]
[Black "Sebastian, Andreas"]
[Result "1/2-1/2"]
[WhiteElo "2119"]
[BlackElo "1911"]
[Annotator "NA"]
[PlyCount "70"]
[EventDate "2019.07.19"]
[EventType "swiss"]
[EventCountry "DEN"]
[SourceTitle "playchess.com"]
[Source "ChessBase"]
[SourceQuality "1"]

1. e4 c5 2. Nc3 e6 3. Nf3 Nc6 4. d4 cxd4 5. Nxd4 Qc7 6. Ndb5 Qb8 7. f4 a6 8. Nd4 d6 9. Be3 Nf6 10. a4 Be7 11. Be2 O-O 12. Nb3 d5 13. e5 Nd7 14. O-O b6 15. Rf3 Nc5 16. Nd4 Nxd4 17. Bxd4 f6 18. Rh3 f5 19. Bf1 g6 20. Ne2 Bd7 21. a5 b5 22. Qe1 Ne4 23. Be3 g5 24. Bd4 g4 25. Re3 Rc8 26. c3 Qc7 27. b4 Qd8 28. Nc1 Bh4 29. g3 Be7 30. Nb3 Qf8 31. Bg2 h5 32. Bxe4 dxe4 33. Bc5 Bc6 34. Bxe7 Qxe7 35. Rd1 Rd8 1/2-1/2

[Event "Xtracon Open 2019"]
[Site "Helsingor"]
[Date "2019.07.25"]
[Round "7.12"]
[White "Zude, Erik"]
[Black "Schwarz, Frank"]
[Result "1-0"]
[WhiteElo "2385"]
[BlackElo "2224"]
[Annotator "NA"]
[PlyCount "45"]
[EventDate "2019.07.19"]
[EventType "swiss"]
[EventCountry "DEN"]
[SourceTitle "playchess.com"]
[Source "ChessBase"]
[SourceQuality "1"]

1. c4 e5 2. Nc3 Nc6 3. Nf3 g6 4. d4 exd4 5. Nxd4 Bg7 6. Nxc6 bxc6 7. g3 Ne7 8. Bg2 O-O 9. O-O h6 10. Qc2 d6 11. b3 Rb8 12. Bb2 Bf5 13. Qd2 Qc8 14. Rfe1 Rd8 15. Rad1 Qe6 16. e4 Bh3 17. Nd5 Bxg2 18. Nf4 Qg4 19. Bxg7 Kxg7 20. Kxg2 Rdc8 21. c5 dxc5 22. Qc3+ Kg8 23. f3 1-0

[Event "Xtracon Open 2019"]
[Site "Helsingor"]
[Date "2019.07.25"]
[Round "7.12"]
[White "Vesterli, Michael E."]
[Black "Philipsen, William Horup"]
[Result "1-0"]
[WhiteElo "2221"]
[BlackElo "2001"]
[Annotator "NA"]
[PlyCount "85"]
[EventDate "2019.07.19"]
[EventType "swiss"]
[EventCountry "DEN"]
[SourceTitle "playchess.com"]
[Source "ChessBase"]
[SourceQuality "1"]

1. d4 d5 2. c4 e5 3. dxe5 d4 4. Nf3 Nc6 5. g3 f6 6. exf6 Nxf6 7. Bg2 Bf5 8. O-O Qd7 9. Nbd2 Bh3 10. a3 h5 11. Bxh3 Qxh3 12. Ng5 Qg4 13. h4 Bd6 14. Qb3 d3 15. Qxd3 Ne5 16. Qb3 Bc5 17. Kg2 O-O-O 18. Ndf3 Rhe8 19. Nxe5 Rxe5 20. Nf7 Rf5 21. f3 Qd4 22. Nxd8 Re5 23. Qc2 Qxd8 24. Bf4 Re6 25. b4 Qe7 26. Rfe1 Be3 27. Bxe3 Rxe3 28. Qf5+ Kb8 29. Ra2 a5 30. bxa5 Nd7 31. Qg5 Qe6 32. Qd8+ Ka7 33. Qxc7 Rb3 34. Rd2 Ne5 35. Qc5+ b6 36. axb6+ Ka6 37. Rd6 Qf5 38. Qc7 Qxf3+ 39. exf3 Rb2+ 40. Kf1 Rf2+ 41. Kxf2 Nd3+ 42. Rxd3 g5 43. Qa7# 1-0

[Event "Xtracon Open 2019"]
[Site "Helsingor"]
[Date "2019.07.25"]
[Round "7.12"]
[White "Skjoldager, Flemming"]
[Black "Klings, Peter"]
[Result "0-1"]
[WhiteElo "1972"]
[BlackElo "2105"]
[Annotator "NA"]
[PlyCount "146"]
[EventDate "2019.07.19"]
[EventType "swiss"]
[EventCountry "DEN"]
[SourceTitle "playchess.com"]
[Source "ChessBase"]
[SourceQuality "1"]

1. e4 g6 2. d4 Bg7 3. Nc3 d6 4. Be3 a6 5. f3 b5 6. Qd2 Nd7 7. a4 b4 8. Nd5 a5 9. Bb5 Bb7 10. Bxd7+ Qxd7 11. Nf4 Nf6 12. Nd3 O-O 13. Ne2 Rfd8 14. O-O Rac8 15. c4 bxc3 16. bxc3 c5 17. Rfb1 Ba6 18. Rb6 Qa7 19. Rab1 Nd7 20. R6b2 Qc7 21. Ndf4 e6 22. Nd3 Qc6 23. Ndc1 Qc7 24. Bg5 Re8 25. Be3 e5 26. d5 Rb8 27. Qc2 Rec8 28. Bd2 Rxb2 29. Rxb2 Nb6 30. Be1 Nc4 31. Rb3 Bh6 32. Qb1 Be3+ 33. Kh1 Kg7 34. Ng3 Qd7 35. Qa1 h5 36. Nge2 Ra8 37. h3 Ra7 38. Qa2 Bg5 39. Kh2 Qc7 40. Rb1 Ne3 41. Kg1 Nc4 42. Kh2 Rb7 43. Rxb7 Qxb7 44. Nb3 Qb6 45. Kh1 Bh6 46. Nec1 Ne3 47. Bd2 Bf1 48. Bxe3 Bxe3 49. Nd2 Ba6 50. Qc2 Qd8 51. Nd3 c4 52. Nb2 Qc7 53. Nf1 Bb6 54. Nd1 Qc5 55. Nfe3 Qa3 56. Nf1 Bc8 57. Qb2 Qc5 58. Nfe3 Bd7 59. Qa2 Kf8 60. Qxc4 Qa3 61. Kh2 Qxa4 62. Qxa4 Bxa4 63. Nc4 Bxd1 64. Nxb6 Bb3 65. c4 a4 66. c5 dxc5 67. Nd7+ Ke7 68. Nxc5 Bc2 69. Nxa4 Bxa4 70. h4 f5 71. Kg3 Bc2 72. f4 Bxe4 73. fxe5 Bxd5 0-1

[Event "Xtracon Open 2019"]
[Site "Helsingor"]
[Date "2019.07.25"]
[Round "7.13"]
[White "Andersen, Morten"]
[Black "Maze, Sebastien"]
[Result "0-1"]
[WhiteElo "2212"]
[BlackElo "2565"]
[Annotator "ChessBase"]
[PlyCount "82"]
[EventDate "2019.07.19"]
[EventType "swiss"]
[EventCountry "DEN"]
[SourceTitle "playchess.com"]
[Source "ChessBase"]
[SourceQuality "1"]

1. d4 Nf6 2. c4 g6 3. g3 Bg7 4. Bg2 O-O 5. Nc3 d6 6. Nf3 c6 7. O-O Qa5 8. h3 e5 9. e4 Nbd7 10. Re1 exd4 11. Nxd4 Ne5 12. Bf1 Qb6 13. Kg2 Re8 14. a3 a6 15. Be3 c5 16. Nf3 Nxf3 17. Qxf3 Be6 18. b4 Nd7 19. bxc5 Qa5 20. Bd2 Qxc5 21. Rab1 Ne5 22. Qe3 Qc8 23. Nd5 Bxh3+ 24. Kg1 Bxf1 25. Rxf1 Nxc4 26. Qe2 b5 27. Rfc1 Qh3 28. Bf4 Rac8 29. a4 Qe6 30. axb5 Qxd5 31. exd5 Rxe2 32. bxa6 Bd4 33. Rb4 Rxf2 34. Kh1 Ra2 35. Rbxc4 Rxc4 36. Rxc4 Bc5 37. Bxd6 Bxd6 38. Rc6 Bxg3 39. d6 Bxd6 40. Rxd6 Kg7 41. Kg1 h5 0-1

[Event "Xtracon Open 2019"]
[Site "Helsingor"]
[Date "2019.07.25"]
[Round "7.13"]
[White "Jepsen, Thomas Tange"]
[Black "Rossen, Claus"]
[Result "1-0"]
[WhiteElo "2069"]
[BlackElo "2217"]
[Annotator "NA"]
[PlyCount "69"]
[EventDate "2019.07.19"]
[EventType "swiss"]
[EventCountry "DEN"]
[SourceTitle "playchess.com"]
[Source "ChessBase"]
[SourceQuality "1"]

1. d4 Nf6 2. c4 g6 3. f3 d5 4. cxd5 Nxd5 5. e4 Nb6 6. Nc3 Bg7 7. Be3 O-O 8. Qd2 Nc6 9. O-O-O f5 10. h4 fxe4 11. fxe4 Rxf1 12. Rxf1 Nc4 13. Qd3 Nxe3 14. Qxe3 Nxd4 15. h5 Qd6 16. hxg6 Qxg6 17. Nf3 c5 18. Nd5 Nc6 19. Nh4 Qh6 20. Qxh6 Bxh6+ 21. Kb1 Bg7 22. Nf5 Bxf5 23. Rxf5 e6 24. Nf6+ Kf7 25. Rf2 Kg6 26. Nh5 Be5 27. Nf4+ Bxf4 28. Rxf4 Ne5 29. Rfh4 Rd8 30. Rh6+ Kg5 31. Rxe6 Nc4 32. b3 Nd2+ 33. Kc2 c4 34. Re5+ Kf4 35. Rd5 1-0

[Event "Xtracon Open 2019"]
[Site "Helsingor"]
[Date "2019.07.25"]
[Round "7.13"]
[White "Carnstam, Tomas"]
[Black "Dew, Brian"]
[Result "1/2-1/2"]
[WhiteElo "1967"]
[BlackElo "2094"]
[Annotator "NA"]
[PlyCount "143"]
[EventDate "2019.07.19"]
[EventType "swiss"]
[EventCountry "DEN"]
[SourceTitle "playchess.com"]
[Source "ChessBase"]
[SourceQuality "1"]

1. c4 e5 2. Nc3 Nf6 3. a3 c6 4. e4 Bc5 5. b4 Bb6 6. c5 Bc7 7. Bc4 d5 8. cxd6 Qxd6 9. Nge2 O-O 10. d4 exd4 11. Bf4 Qe7 12. Bxc7 Qxc7 13. Qxd4 Nbd7 14. f4 Nb6 15. Bb3 Bg4 16. O-O Rad8 17. Qe3 Rfe8 18. h3 Bxe2 19. Qxe2 Nbd5 20. Nxd5 Nxd5 21. Bxd5 cxd5 22. e5 Qb6+ 23. Qf2 d4 24. Rfd1 Rd5 25. Rac1 Red8 26. Rd3 h6 27. Rc4 a6 28. Kh2 Kh8 29. a4 Qa7 30. Rc7 R5d7 31. Qc2 Qb6 32. Rxd7 Rxd7 33. Qc8+ Rd8 34. Qc4 Rd7 35. a5 Qd8 36. g3 Kh7 37. Kg2 g6 38. Kf3 h5 39. h4 Rc7 40. Qxd4 Qc8 41. Kg2 Rc2+ 42. Rd2 Qc6+ 43. Kf2 Rc4 44. Qd7 Kg7 45. Qxc6 Rxc6 46. Rd7 b5 47. axb6 Rxb6 48. Rd4 Rb5 49. Ke3 a5 50. bxa5 Rxa5 51. Ke4 Ra3 52. Rd3 Ra5 53. Rb3 Kf8 54. Kf3 Ke7 55. g4 hxg4+ 56. Kxg4 Ra1 57. Rb7+ Ke6 58. Rb6+ Ke7 59. Kg5 Rg1+ 60. Kh6 Rg4 61. Rf6 Kf8 62. e6 Rxh4+ 63. Kg5 Rh5+ 64. Kg4 Rh7 65. exf7 Rxf7 66. Rxg6 Ra7 67. Rb6 Ra5 68. Rb7 Rc5 69. f5 Rc6 70. Kg5 Ra6 71. f6 Ra1 72. Rb8+ 1/2-1/2

[Event "Xtracon Open 2019"]
[Site "Helsingor"]
[Date "2019.07.25"]
[Round "7.14"]
[White "Kvaloy, Aksel Bu"]
[Black "Salomon, Johan"]
[Result "0-1"]
[WhiteElo "2205"]
[BlackElo "2514"]
[Annotator "ChessBase"]
[PlyCount "104"]
[EventDate "2019.07.19"]
[EventType "swiss"]
[EventCountry "DEN"]
[SourceTitle "playchess.com"]
[Source "ChessBase"]
[SourceQuality "1"]

1. e4 c5 2. Nf3 Nc6 3. Bb5 d6 4. O-O Bd7 5. Re1 Nf6 6. c3 a6 7. Bf1 Bg4 8. d4 cxd4 9. cxd4 d5 10. exd5 Nxd5 11. Nc3 e6 12. h3 Nxc3 13. bxc3 Bxf3 14. Qxf3 Be7 15. Rb1 Qd7 16. Rd1 Rd8 17. Be3 O-O 18. c4 Qc8 19. d5 exd5 20. cxd5 Ne5 21. Qh5 Bd6 22. Rb6 Rfe8 23. Rc1 Qd7 24. Rcb1 Rb8 25. Bf4 Qc7 26. a4 g6 27. Qd1 Nc4 28. Bxc4 Bxf4 29. Qb3 Bh2+ 30. Kh1 Bd6 31. Bf1 Qe7 32. g3 Qe5 33. Qf3 Re7 34. Kg2 Rc7 35. R6b3 Rf8 36. Re3 Qd4 37. Qe4 Qc5 38. Re2 Rfc8 39. Rbb2 b5 40. axb5 axb5 41. Qd3 b4 42. Rb3 Ra7 43. Rd2 Ra3 44. Be2 Qc1 45. Rd1 Qc2 46. Rdb1 Ra2 47. Kf3 Qc7 48. R1b2 Ra3 49. Rb1 Qe7 50. Kg2 Qe5 51. Bf3 Ra2 52. Qe4 Qxg3+ 0-1

[Event "Xtracon Open 2019"]
[Site "Helsingor"]
[Date "2019.07.25"]
[Round "7.14"]
[White "Stray, Gunnar"]
[Black "Sonis, Francesco"]
[Result "0-1"]
[WhiteElo "1996"]
[BlackElo "2498"]
[Annotator "ChessBase"]
[PlyCount "72"]
[EventDate "2019.07.19"]
[EventType "swiss"]
[EventCountry "DEN"]
[SourceTitle "playchess.com"]
[Source "ChessBase"]
[SourceQuality "1"]

1. Nf3 d5 2. g3 c6 3. Bg2 Bg4 4. O-O Nd7 5. d4 e6 6. Bf4 Ngf6 7. Nbd2 Be7 8. c4 O-O 9. Qb3 Qb6 10. c5 Qa6 11. e3 b6 12. cxb6 axb6 13. Bg5 h6 14. Bxf6 Bxf6 15. Rfe1 Qa4 16. a3 c5 17. Qxa4 Rxa4 18. b3 Ra7 19. a4 Rc8 20. h3 Bh5 21. g4 Bg6 22. Rac1 Rac7 23. h4 cxd4 24. Rxc7 Rxc7 25. exd4 Be7 26. Re3 Rc1+ 27. Nf1 Bd6 28. Re1 Rc3 29. Re3 Rc2 30. Ne1 Rc1 31. Nd3 Rd1 32. Ne5 Nxe5 33. dxe5 Bc5 34. Re2 Rb1 35. h5 Bd3 36. Rd2 Ba6 0-1

[Event "Xtracon Open 2019"]
[Site "Helsingor"]
[Date "2019.07.25"]
[Round "7.14"]
[White "Berg, Margar M."]
[Black "Tolhuizen, Ludo"]
[Result "0-1"]
[WhiteElo "1857"]
[BlackElo "2090"]
[Annotator "NA"]
[PlyCount "127"]
[EventDate "2019.07.19"]
[EventType "swiss"]
[EventCountry "DEN"]
[SourceTitle "playchess.com"]
[Source "ChessBase"]
[SourceQuality "1"]

1. d4 e6 2. c4 f5 3. Nf3 Nf6 4. e3 c6 5. Bd3 d5 6. Nc3 Bd6 7. Bd2 O-O 8. Qc2 Ne4 9. h3 Nd7 10. a3 a5 11. Ra2 Qe7 12. c5 Bc7 13. b4 e5 14. dxe5 Nxe5 15. Nxe5 Bxe5 16. Nd1 Nxd2 17. Qxd2 axb4 18. axb4 Rxa2 19. Qxa2 b6 20. Qc2 bxc5 21. bxc5 g6 22. O-O Bd7 23. Nb2 f4 24. exf4 Rxf4 25. Re1 Qf6 26. Nd1 Bd4 27. Ba6 Qf8 28. Bb7 Qxc5 29. Qxc5 Bxc5 30. Re2 Rb4 31. Ba6 Rb1 32. Re1 Bf5 33. Rf1 Kf7 34. Ne3 Rxf1+ 35. Kxf1 Bd7 36. Ke2 Ke6 37. Kd3 Kd6 38. g4 Ke5 39. Ke2 Kf4 40. Ng2+ Ke4 41. Bd3+ Kd4 42. Nh4 Be7 43. Nf3+ Kc3 44. Ne5 Be8 45. f4 Bd6 46. h4 Bxe5 47. fxe5 Bd7 48. g5 Kd4 49. h5 Bg4+ 50. Kd2 Bxh5 51. e6 Bg4 52. e7 Bd7 53. Bf1 Ke5 54. Ke3 Kd6 55. Kf4 c5 56. Bg2 Be8 57. Bf3 Bf7 58. Bg2 d4 59. Bb7 d3 60. Ba6 d2 61. Be2 Kxe7 62. Ke3 Kd6 63. Kxd2 Ke5 64. Kd3 0-1

[Event "Xtracon Open 2019"]
[Site "Helsingor"]
[Date "2019.07.25"]
[Round "7.15"]
[White "Kjartansson, Gudmundur"]
[Black "Eriksson, Jorgen"]
[Result "1-0"]
[WhiteElo "2470"]
[BlackElo "2211"]
[Annotator "ChessBase"]
[PlyCount "77"]
[EventDate "2019.07.19"]
[EventType "swiss"]
[EventCountry "DEN"]
[SourceTitle "playchess.com"]
[Source "ChessBase"]
[SourceQuality "1"]

1. d4 Nf6 2. c4 e6 3. Nf3 d5 4. e3 Be7 5. b3 Nbd7 6. Bd3 c5 7. cxd5 Nxd5 8. O-O cxd4 9. Nxd4 O-O 10. Bb2 N7f6 11. Nd2 Bd7 12. Nc4 Nb4 13. Be2 Nc6 14. Nf3 Qc7 15. Rc1 Rfd8 16. Qc2 Be8 17. e4 Qf4 18. e5 Nd5 19. g3 Qf5 20. Qxf5 exf5 21. Rfd1 Rd7 22. a3 Rad8 23. b4 Nc7 24. Rxd7 Bxd7 25. Na5 Ne6 26. Nxb7 Rb8 27. Nd6 g6 28. Rd1 Nf8 29. Nd2 Be6 30. Rc1 Bxd6 31. exd6 Bd7 32. b5 Nd8 33. a4 a6 34. bxa6 Bxa4 35. Bf3 Nc6 36. Bxc6 Bxc6 37. Rxc6 Rxb2 38. a7 Ra2 39. d7 1-0

[Event "Xtracon Open 2019"]
[Site "Helsingor"]
[Date "2019.07.25"]
[Round "7.15"]
[White "Rempe, Jonas"]
[Black "Machlik, Edit"]
[Result "0-1"]
[WhiteElo "1839"]
[BlackElo "2075"]
[Annotator "NA"]
[PlyCount "108"]
[EventDate "2019.07.19"]
[EventType "swiss"]
[EventCountry "DEN"]
[SourceTitle "playchess.com"]
[Source "ChessBase"]
[SourceQuality "1"]

1. e4 c6 2. d4 d5 3. Nd2 dxe4 4. Nxe4 Bf5 5. Ng3 Bg6 6. h4 h6 7. Nf3 Nd7 8. h5 Bh7 9. Bd3 Bxd3 10. Qxd3 e6 11. Bd2 Ngf6 12. O-O-O Be7 13. Kb1 Qb6 14. Ne4 Nxe4 15. Qxe4 Nf6 16. Qe2 Qb5 17. Qxb5 cxb5 18. Ne5 O-O 19. g4 Rad8 20. c3 b4 21. Rde1 bxc3 22. bxc3 Bd6 23. f4 Nd5 24. g5 Bxe5 25. fxe5 hxg5 26. Bxg5 Nxc3+ 27. Kb2 Na4+ 28. Ka1 f6 29. exf6 gxf6 30. Bc1 Kf7 31. Rh4 Nc3 32. Bb2 Nd5 33. h6 Rh8 34. Bc1 Rc8 35. Rhe4 Rce8 36. Rg4 Reg8 37. Rge4 Re8 38. Rg4 Rhg8 39. Rh4 Rh8 40. Rg4 Rhg8 41. Rh4 Rc8 42. Rh2 Rc4 43. Rhe2 Nb4 44. Rf1 Nc2+ 45. Kb1 Nxd4 46. Re4 Rb4+ 47. Bb2 Rg2 48. Rxd4 Rgxb2+ 49. Ka1 Rxd4 50. Kxb2 Rh4 51. Rc1 Rxh6 52. Rc7+ Kg6 53. Rxb7 Rh7 54. Rb3 f5 0-1

[Event "Xtracon Open 2019"]
[Site "Helsingor"]
[Date "2019.07.25"]
[Round "7.16"]
[White "Ernst, Michael"]
[Black "Sawatzki, Frank"]
[Result "0-1"]
[WhiteElo "2190"]
[BlackElo "2385"]
[Annotator "NA"]
[PlyCount "58"]
[EventDate "2019.07.19"]
[EventType "swiss"]
[EventCountry "DEN"]
[SourceTitle "playchess.com"]
[Source "ChessBase"]
[SourceQuality "1"]

1. d4 Nf6 2. Nf3 c5 3. e3 e6 4. c4 b6 5. Be2 Bb7 6. O-O Be7 7. b3 O-O 8. Bb2 d6 9. Nc3 a6 10. Qd2 Nbd7 11. Rfd1 Re8 12. Ne1 cxd4 13. exd4 d5 14. Bf3 Ra7 15. cxd5 exd5 16. Qf4 Nf8 17. Nc2 Ng6 18. Qd2 Nh4 19. Be2 b5 20. b4 Bc6 21. a4 bxa4 22. Nxa4 Ne4 23. Qe1 Nxg2 24. Kxg2 Bh4 25. Bc1 Nxf2 26. Qd2 Rae7 27. Bxa6 Qd7 28. Re1 Qh3+ 29. Kg1 Qf3 0-1

[Event "Xtracon Open 2019"]
[Site "Helsingor"]
[Date "2019.07.25"]
[Round "7.16"]
[White "Bruaset, Eivind"]
[Black "Skovgaard, Ib"]
[Result "1-0"]
[WhiteElo "2074"]
[BlackElo "1911"]
[Annotator "NA"]
[PlyCount "55"]
[EventDate "2019.07.19"]
[EventType "swiss"]
[EventCountry "DEN"]
[SourceTitle "playchess.com"]
[Source "ChessBase"]
[SourceQuality "1"]

1. e4 c5 2. Nf3 e6 3. d4 cxd4 4. Nxd4 a6 5. Nc3 Qc7 6. Bd3 Bd6 7. Be3 Nc6 8. Nxc6 dxc6 9. Qd2 e5 10. Rd1 Nf6 11. f3 Be6 12. O-O O-O 13. Na4 Qe7 14. c4 Bb4 15. Qf2 b5 16. Nb6 Rab8 17. a3 Ba5 18. cxb5 axb5 19. b4 Bxb6 20. Bxb6 Nd7 21. Be3 Ra8 22. Qb2 Rfc8 23. Rc1 c5 24. bxc5 Rxc5 25. Bxc5 Nxc5 26. Qb4 Bc4 27. Bxc4 Qa7 28. Bxf7+ 1-0

[Event "Xtracon Open 2019"]
[Site "Helsingor"]
[Date "2019.07.25"]
[Round "7.17"]
[White "Andre, Gordon"]
[Black "Thorsbro, Peter"]
[Result "1-0"]
[WhiteElo "2381"]
[BlackElo "2199"]
[Annotator "NA"]
[PlyCount "45"]
[EventDate "2019.07.19"]
[EventType "swiss"]
[EventCountry "DEN"]
[SourceTitle "playchess.com"]
[Source "ChessBase"]
[SourceQuality "1"]

1. d4 Nf6 2. c4 e6 3. Nc3 Bb4 4. Nf3 O-O 5. Bg5 h6 6. Bh4 d5 7. e3 Nbd7 8. cxd5 exd5 9. Rc1 c6 10. Bd3 Re8 11. O-O Qa5 12. Bb1 Ne4 13. Qc2 Ndf6 14. Ne5 g5 15. Nxe4 Nxe4 16. f3 Nf6 17. Bg3 Be6 18. Qe2 Qd8 19. f4 Nd7 20. f5 Nxe5 21. fxe6 Rxe6 22. Bxe5 f6 23. Qh5 1-0

[Event "Xtracon Open 2019"]
[Site "Helsingor"]
[Date "2019.07.25"]
[Round "7.17"]
[White "Schweitzer, Werner"]
[Black "Ashwin, Hariharan"]
[Result "1/2-1/2"]
[WhiteElo "2072"]
[BlackElo "1881"]
[Annotator "NA"]
[PlyCount "111"]
[EventDate "2019.07.19"]
[EventType "swiss"]
[EventCountry "DEN"]
[SourceTitle "playchess.com"]
[Source "ChessBase"]
[SourceQuality "1"]

1. e4 c5 2. Nf3 Nc6 3. Bb5 g6 4. Bxc6 dxc6 5. d3 Bg7 6. h3 Nf6 7. Nc3 O-O 8. Be3 b6 9. Qd2 Nd7 10. Bh6 e5 11. O-O Re8 12. Bxg7 Kxg7 13. Nh2 Nf8 14. f4 exf4 15. Qxf4 f6 16. Rf2 Ne6 17. Qg3 Nd4 18. Raf1 Rf8 19. Nf3 Be6 20. b3 Nxf3+ 21. Qxf3 Qd6 22. Ne2 Rad8 23. Qf4 Qxf4 24. Nxf4 Bc8 25. g4 Rfe8 26. Kh2 Re5 27. Ng2 Rf8 28. Ne3 h5 29. Kg3 hxg4 30. Nc4 Rg5 31. h4 Rh5 32. Ne3 g5 33. Rh2 gxh4+ 34. Rxh4 Rxh4 35. Kxh4 Rh8+ 36. Kg3 Rh3+ 37. Kf4 Rh2 38. a4 Be6 39. c4 Rd2 40. Nxg4 Bxg4 41. Kxg4 Rxd3 42. Rf3 Rxf3 43. Kxf3 Kf7 44. Kg4 Ke6 45. Kf4 a6 46. Kf3 Ke5 47. Ke3 f5 48. exf5 Kxf5 49. Kf3 Ke5 50. Ke3 b5 51. a5 Kf5 52. Kf3 Ke5 53. Ke3 b4 54. Kd3 Kf4 55. Kd2 Ke4 56. Ke2 1/2-1/2

[Event "Xtracon Open 2019"]
[Site "Helsingor"]
[Date "2019.07.25"]
[Round "7.17"]
[White "Christiansen, Jens Jorgen"]
[Black "Jacobsen, Mikkel Manosri"]
[Result "0-1"]
[WhiteElo "2053"]
[BlackElo "2343"]
[Annotator "NA"]
[PlyCount "64"]
[EventDate "2019.07.19"]
[EventType "swiss"]
[EventCountry "DEN"]
[SourceTitle "playchess.com"]
[Source "ChessBase"]
[SourceQuality "1"]

1. d4 Nf6 2. c4 e6 3. Nf3 c5 4. d5 exd5 5. cxd5 d6 6. Nc3 g6 7. Nd2 Bg7 8. Nc4 O-O 9. Bf4 Ne8 10. Qd2 Qe7 11. e3 Nd7 12. Be2 a6 13. a4 b6 14. O-O Rb8 15. Ra2 f5 16. h4 h6 17. e4 Qxh4 18. Nxd6 Be5 19. Bxe5 Nxe5 20. Nxc8 Rxc8 21. d6 Nf6 22. Qe3 fxe4 23. Qh3 Qxh3 24. gxh3 c4 25. Bg4 Nfxg4 26. hxg4 Rf4 27. Nd5 Rxg4+ 28. Kh2 Kf7 29. Kh3 Ke6 30. Nxb6 Rf8 31. f4 Rfxf4 32. Rxf4 Rxf4 0-1

[Event "Xtracon Open 2019"]
[Site "Helsingor"]
[Date "2019.07.25"]
[Round "7.18"]
[White "Kucuksari, Kaan"]
[Black "Zheng, Harry Z"]
[Result "1-0"]
[WhiteElo "2310"]
[BlackElo "1597"]
[Annotator "NA"]
[PlyCount "49"]
[EventDate "2019.07.19"]
[EventType "swiss"]
[EventCountry "DEN"]
[SourceTitle "playchess.com"]
[Source "ChessBase"]
[SourceQuality "1"]

1. d4 Nf6 2. Nf3 e6 3. Nbd2 b6 4. e4 Bb7 5. Bd3 c5 6. c3 Nc6 7. O-O Be7 8. e5 Nd5 9. dxc5 Bxc5 10. Ne4 Be7 11. c4 Ndb4 12. Bb1 Na6 13. Bg5 O-O 14. Nf6+ Kh8 15. Nxh7 Re8 16. Nf6 Bxf6 17. exf6 g6 18. Nh4 Ne5 19. f4 Qc7 20. fxe5 Qxe5 21. Qg4 Rg8 22. Nf5 Rgc8 23. Qh4+ Kg8 24. Ne7+ Kf8 25. Qh8# 1-0

[Event "Xtracon Open 2019"]
[Site "Helsingor"]
[Date "2019.07.25"]
[Round "7.18"]
[White "Solberg, Joachim"]
[Black "Malmstig, Erik"]
[Result "0-1"]
[WhiteElo "2181"]
[BlackElo "2357"]
[Annotator "NA"]
[PlyCount "103"]
[EventDate "2019.07.19"]
[EventType "swiss"]
[EventCountry "DEN"]
[SourceTitle "playchess.com"]
[Source "ChessBase"]
[SourceQuality "1"]

1. e4 c5 2. Nf3 d6 3. d4 cxd4 4. Nxd4 Nf6 5. Nc3 Bd7 6. f3 a6 7. Be3 e6 8. Qd2 Nc6 9. O-O-O Rc8 10. Nxc6 Bxc6 11. Kb1 b5 12. g4 h6 13. Bd3 Qc7 14. Bd4 e5 15. Be3 Be7 16. h4 b4 17. Ne2 d5 18. Ng3 d4 19. Bf2 h5 20. g5 Nd7 21. f4 g6 22. fxe5 Nxe5 23. Bxd4 Rd8 24. Qf2 Ng4 25. Qg1 O-O 26. Bb6 Qb7 27. Bxd8 Bxd8 28. Qd4 a5 29. Bc4 Bc7 30. Ne2 Be5 31. Qc5 Bxe4 32. Bd5 Bxd5 33. Qxd5 Qc7 34. Qf3 a4 35. Rhe1 Rc8 36. Rd2 a3 37. b3 Bg7 38. Qe4 Qc5 39. Red1 Kh7 40. Rd5 Qf2 41. R5d3 Qc5 42. Rd5 Qc6 43. R1d2 Re8 44. Qc4 Qe6 45. Nf4 Qe1+ 46. Rd1 Nf2 47. Ng2 Nxd1 48. Nxe1 Rxe1 49. Kc1 Bb2+ 50. Kd2 Bc3+ 51. Qxc3 Nxc3 52. Kxe1 0-1

[Event "Xtracon Open 2019"]
[Site "Helsingor"]
[Date "2019.07.25"]
[Round "7.18"]
[White "Larsen, Ulrik"]
[Black "Ronka, Erik"]
[Result "0-1"]
[WhiteElo "2039"]
[BlackElo "2289"]
[Annotator "NA"]
[PlyCount "52"]
[EventDate "2019.07.19"]
[EventType "swiss"]
[EventCountry "DEN"]
[SourceTitle "playchess.com"]
[Source "ChessBase"]
[SourceQuality "1"]

1. e4 g6 2. d4 Bg7 3. Nc3 c6 4. Be3 d5 5. e5 Qb6 6. Na4 Qa5+ 7. c3 f6 8. Nc5 fxe5 9. dxe5 Bxe5 10. Nf3 Bf6 11. Bd3 e5 12. O-O Ne7 13. b4 Qc7 14. Bc2 b6 15. Nb3 O-O 16. Bh6 Re8 17. Re1 e4 18. Nfd4 c5 19. Nb5 Qd7 20. Bxe4 dxe4 21. Qxd7 Bxd7 22. Nc7 Bxc3 23. Nxa8 Bxa1 24. Nxa1 Nd5 25. bxc5 bxc5 26. Nb3 Na6 0-1

[Event "Xtracon Open 2019"]
[Site "Helsingor"]
[Date "2019.07.25"]
[Round "7.19"]
[White "Pantzar, Milton"]
[Black "Liu, Casper"]
[Result "1-0"]
[WhiteElo "2357"]
[BlackElo "2194"]
[Annotator "NA"]
[PlyCount "39"]
[EventDate "2019.07.19"]
[EventType "swiss"]
[EventCountry "DEN"]
[SourceTitle "playchess.com"]
[Source "ChessBase"]
[SourceQuality "1"]

1. d4 Nf6 2. c4 g6 3. Nc3 Bg7 4. e4 d6 5. Nge2 O-O 6. Ng3 e5 7. d5 a5 8. h4 h5 9. Bg5 Qe8 10. Be2 Bd7 11. Qd2 Na6 12. O-O-O Ng4 13. Bxg4 Bxg4 14. f3 Bd7 15. Bh6 b5 16. Nxh5 Bxh6 17. Qxh6 gxh5 18. Rh3 Qe7 19. Rg3+ Bg4 20. Qxh5 1-0